| 000 | 004750000a22001810004500 | ||
|---|---|---|---|
| 003 | MACL | ||
| 005 | 20150816111915.0 | ||
| 008 | 150816b xxu||||| |||| 00| 0 eng d | ||
| 040 |
_aMACL _cMACL |
||
| 041 | _aEnglish | ||
| 082 | _a500 | ||
| 100 |
_aChatterjee, Santimay _95796 |
||
| 245 |
_aScience And Culture _bGolden Jubilee Volume |
||
| 260 |
_bIndian Science News Association _c1985 _aCalcutta |
||
| 350 | _a50 | ||
| 650 |
_aNatural Science _92575 |
||
| 942 |
_cBK _k500 _2ddc |
||
| 999 |
_c5573 _d5573 |
||